Širšie súvislosti vo vývoji cien drahých kovov, priemyselných a potravinárskych surovín vo svete Príloha HN
Vývoj svetových cien komodít na svetovom trhu. Vplyv na tento vývoj mal aj pevný kurz USD. Vývoj cien drahých kovov, priemyselných surovín poľnohospodárskeho pôvodu, potravinárskych surovín v r. 1996 a 1997.
Salvato in:
| Autore principale: | |
|---|---|
| Natura: | Capitolo di libro |
| Lingua: | slovacco |
| Soggetti: | |
| Tags: |
Nessun Tag, puoi essere il primo ad aggiungerne!!
|
MARC
| LEADER | 00000naa a2200000 4500 | ||
|---|---|---|---|
| 001 | r027773 | ||
| 005 | 20230824091149.5 | ||
| 041 | 0 | |a slo | |
| 044 | |a SK | ||
| 245 | 1 | 0 | |a Širšie súvislosti vo vývoji cien drahých kovov, priemyselných a potravinárskych surovín vo svete |b Príloha HN |c Ján Artur Oberhauser |
| 520 | |a Vývoj svetových cien komodít na svetovom trhu. Vplyv na tento vývoj mal aj pevný kurz USD. Vývoj cien drahých kovov, priemyselných surovín poľnohospodárskeho pôvodu, potravinárskych surovín v r. 1996 a 1997. | ||
| 610 | 2 | 0 | |a vývoj cenový |
| 610 | 2 | 0 | |a ceny svetové |
| 610 | 2 | 0 | |a komodity |
| 610 | 2 | 0 | |a kovy drahé |
| 610 | 2 | 0 | |a zlato |
| 610 | 2 | 0 | |a svet |
| 610 | 2 | 0 | |a trh svetový |
| 610 | 2 | 0 | |a bavlna |
| 610 | 2 | 0 | |a vlna |
| 610 | 2 | 0 | |a kaučuk prírodný |
| 610 | 2 | 0 | |a káva |
| 610 | 2 | 0 | |a potraviny |
| 610 | 2 | 0 | |a cukor |
| 610 | 2 | 0 | |a pšenica |
| 610 | 2 | 0 | |a kakao |
| 100 | 1 | |a Oberhauser, Ján Artur | |